000 00621nam a2200193Ia 4500
008 151119s9999||||xx |||||||||||||| ||und||
082 _a928.9146
082 _bGKKV23010
100 _aकीर्तने अंजली
245 _aपाउलखुणा लघुपटाच्या
260 _a--
260 _b--
260 _c2003
600 _aकीर्तने अंजली
630 _aपाउलखुणा लघुपटाच्या
700 _aकीर्तने अंजली
730 _aपाउलखुणा लघुपटाच्या
942 _cBOOK
999 _c1075702
_d1075699